000 00522nam a2200169 i 4500
001 45416
003 ES-MaACL
005 20230906161220.0
007 t|
008 030326s1916 xxu ||||1| eng d
100 1 _aCoester, Alfred.
_939463
245 1 4 _aThe literary history of Spanish America /
_cAlfred Coester.
260 _aNew York :
_b[s.n.,
_c1916] (
_fBerwick and Smith Co.)
300 _aXII, 496 p. ;
_c21 cm.
650 0 4 _aLiteratura hispanoamericana-
_xHistoria y crítica.
_914606
852 _aES-MaACL
_jC-728
999 _c45416
_d45416